Anagrammes - Vocabulaire - Série 09 - Statistiques

Statistiques générales
  • Ce quiz a été pris 85 fois
  • Le résultat moyen est 10 sur 15
Statistiques - réponses
Indice Anagramme Mot % Correct
froid LEGE gele
100%
mesure LITER litre
99%
natter RESSERT tresser
91%
animal AILE laie
90%
aime PALIT plait
88%
raconte ECRITE recite
87%
rien TANNE neant
80%
elever BRAIT batir
77%
cacher ERRERENT enterrer
68%
obstacles BAGARRES barrages
62%
fleur ASTRE aster
54%
combattre BALLERAIT batailler
48%
poisson LISEURS silures
45%
contenance ACCEPTAI capacite
35%
est CANALISES alsaciens
4%
Aucun quiz correspondant
Distribution des résultats
% des personnes avec chaque résultat
Percentile par nombre de réponses
Votre historique - résultats
Vous n’avez pas pris ce quiz